Famous People Named Ryan - Statistics

General Stats
  • This quiz has been taken 590 times
    63 since last reset
  • The average score is 7 of 15
Answer Stats
Life Hint Person % Correct
1980– Actor in The Notebook and Drive Ryan Gosling
80%
1976– Played a Marvel superhero...and a DC one Ryan Reynolds
78%
Fictional Fictional WW2 character who must be saved Private James Ryan
68%
1961– Actress who is "America's Sweetheart" Meg Ryan
64%
1974– American Idol host Ryan Seacrest
64%
Fictional Tom Clancy protagonist Jack Ryan
54%
1947– Baseball pitcher with seven no-hitters Nolan Ryan
53%
1941–2023 Actor in Love Story and Paper Moon Ryan O'Neal
53%
1970– Speaker of the House of Representatives Paul Ryan
41%
1974– Actor in I Know What You Did Last Summer Ryan Phillippe
39%
1962– Former NFL coach of the Jets and Bills Rex Ryan
34%
1971–1990 American AIDS patient and activist Ryan White
29%
1988– American DJ and Macklemore collaborator Ryan Lewis
24%
1993– Disney Channel star of Jessie and Suite Life Debby Ryan
22%
1977–2011 Jackass star killed in a car crash Ryan Dunn
17%
No matching quizzes found
Score Distribution
Percent of People with Each Score
Percentile by Number Answered
Your Score History
You have not taken this quiz since the last reset